[Event "Calcutta"]
[Site "Calcutta"]
[Date "1988.??.??"]
[Round "?"]
[White "Murshed, Niaz"]
[Black "Psakhis, Lev"]
[Result "0-1"]
[WhiteElo "2455"]
[BlackElo "2550"]

1.d4 e6 2.Nf3 c5 3.e3 Nf6 4.c4 d5 5.Nc3 Nc6 6.cxd5 Nxd5 7.Bc4 cxd4 8.exd4 Be7
9.O-O O-O 10.a3 Nxc3 11.bxc3 b6 12.Bd3 Bb7 13.Bf4 Rc8 14.Re1 Na5 15.Ne5 Rxc3
16.Re3 f5 17.Qh5 Qe8 18.Qxe8 Rxe8 19.Bxf5 exf5 20.Rxc3 b5 21.Rc7 a6 22.Nd3 Bd8
23.Rd7 Bc8 24.Rd5 Nc4 25.Re1 Rxe1+ 26.Nxe1 Be7 27.Nc2 Kf7 28.Rc5 Bxc5 29.dxc5 Bb7
30.Bc1 Ke6 31.c6 Bxc6 32.Nd4+ Kd5 33.Nxf5 Ke4 34.Ne3 Kd3 35.Kf1 g6 36.g3 Nd2+
37.Bxd2 Kxd2 38.Ng4 a5 39.f4 b4  0-1

[Event "URS-FL56"]
[Site "Klaipeda"]
[Date "1988.??.??"]
[Round "?"]
[White "Shirov, Alexei"]
[Black "Psakhis, Lev"]
[Result "0-1"]
[WhiteElo "2380"]
[BlackElo "2560"]

1.d4 Nf6 2.c4 e6 3.Nc3 Bb4 4.e3 c5 5.Bd3 Nc6 6.Ne2 cxd4 7.exd4 d5 8.cxd5 Nxd5
9.O-O O-O 10.Bc2 Bd6 11.Ne4 Be7 12.a3 b6 13.Qd3 g6 14.Bh6 Re8 15.Rad1 Bb7
16.Rfe1 Rc8 17.N2c3 Na5 18.Qg3 Nc4 19.Ba4 Bc6 20.Bb3 Nxc3 21.bxc3 Bxe4 22.Rxe4 Nd6
23.Rg4 Nf5 24.Qh3 Bxa3 25.Bg5 Qd7 26.Rf4 Be7 27.Rxf5 gxf5 28.d5 Bxg5 29.Qg3 Qe7
30.d6 Qf6 31.d7 Kh8 32.dxe8=Q+ Rxe8 33.Qc7 a5 34.Rd3 Bh6 35.Qxb6 Qe5 36.Qd4 Bg7
37.Qxe5 Bxe5 38.g3 Rb8 39.c4 Rb4 40.Kf1 a4 41.Bd1 Bb2 42.Rd7 a3 43.Ra7 Rxc4
44.Bh5 Kg7 45.Bxf7 Kf6 46.Bh5 Rc1+ 47.Kg2 Rc2 48.Ra6 Bc1 49.Bd1 Rb2 50.Bf3 Be3
51.Bd5 Bb6 52.Bc4 Rb4 53.Bd3 Rb2 54.Rxa3 Bxf2 55.Rc3 Bd4+ 56.Rc2 Rb3 57.Bc4 Ra3
58.Ba2 h5 59.Bc4 h4 60.Re2 e5 61.Ra2 Rc3 62.Ra6+ Kg5 63.gxh4+ Kxh4 64.Rh6+ Kg4  0-1

[Event "URS-FL56"]
[Site "Klaipeda"]
[Date "1988.??.??"]
[Round "?"]
[White "Psakhis, Lev"]
[Black "Dolmatov, Sergey"]
[Result "1/2-1/2"]
[WhiteElo "2560"]
[BlackElo "2550"]

1.e4 c5 2.Nf3 e6 3.d4 cxd4 4.Nxd4 Nf6 5.Nc3 Nc6 6.Ndb5 d6 7.Bf4 e5 8.Bg5 a6
9.Bxf6 gxf6 10.Na3 b5 11.Nd5 Bg7 12.Bd3 Ne7 13.Nxe7 Qxe7 14.O-O O-O 15.c3 f5
16.Nc2 d5 17.exf5 e4 18.Be2 Rd8 19.Nd4 Bxd4 20.cxd4 Bxf5 21.Qd2 Be6 22.f4 f5  1/2-1/2

[Event "URS-FL56"]
[Site "Klaipeda"]
[Date "1988.??.??"]
[Round "?"]
[White "Kholmov, Ratmir D"]
[Black "Psakhis, Lev"]
[Result "1/2-1/2"]
[WhiteElo "2475"]
[BlackElo "2560"]

1.e4 c5 2.Nf3 d6 3.d4 cxd4 4.Nxd4 Nf6 5.Nc3 e6 6.g3 a6 7.Bg2 Be7 8.O-O Qc7
9.Nce2 Nbd7 10.a4 O-O 11.a5 Rb8 12.h3 Ne5 13.Bd2 Nc4 14.Be3 e5 15.Nf5 Bxf5
16.exf5 d5 17.b3 d4 18.Bxd4 exd4 19.bxc4 Qxc4 20.Qd3 Qxd3 21.cxd3 Nd7 22.Rab1 Bd8
23.Nxd4 Bxa5 24.Rxb7 Rxb7 25.Bxb7 Nc5 26.Be4 Re8 27.Nc6 Bc7 28.Rc1 Bd6 29.Rc4 g6
30.fxg6 hxg6 31.Kf1 Kg7 32.Rd4 Bf8 33.Bd5 Rc8 34.Rb4 a5 35.Rb5 a4 36.d4 Ne6
37.Rb7 Rc7 38.Rxc7 Nxc7 39.Bc4 a3 40.Ke2 Na6  1/2-1/2

[Event "Lugano op"]
[Site "Lugano"]
[Date "1988.??.??"]
[Round "?"]
[White "Psakhis, Lev"]
[Black "Schussler, Harry"]
[Result "1-0"]
[WhiteElo "2550"]
[BlackElo "2475"]

1.e4 e5 2.Bc4 Nf6 3.d3 Nc6 4.Nf3 Bc5 5.c3 d6 6.b4 Bb6 7.a4 a5 8.b5 Ne7 9.Nbd2 Ng6
10.O-O O-O 11.Ba2 c6 12.bxc6 bxc6 13.d4 Re8 14.dxe5 Nxe5 15.Nxe5 dxe5 16.Qc2 Qc7
17.Nc4 Bc5 18.Be3 Bxe3 19.Nxe3 Be6 20.Bxe6 Rxe6 21.Rab1 h6 22.g3 Ree8 23.Qd3 Rab8
24.Qc4 Rxb1 25.Rxb1 Rb8 26.Rd1 Qb6 27.Kg2 Rb7 28.Nf5 Kh7 29.Rd6 Qb1 30.Rxf6 gxf6
31.Qxc6 Kg6 32.Nd6 Rb6 33.Qe8  1-0

[Event "Lugano op"]
[Site "Lugano"]
[Date "1988.??.??"]
[Round "?"]
[White "Psakhis, Lev"]
[Black "Hickl, Joerg"]
[Result "1-0"]
[WhiteElo "2550"]
[BlackElo "2485"]

1.d4 Nf6 2.c4 d6 3.Nc3 c6 4.Nf3 Nbd7 5.e4 e5 6.Be2 Be7 7.O-O O-O 8.Be3 Qe8
9.d5 a6 10.Nd2 Bd8 11.b4 Qe7 12.Nb3 cxd5 13.cxd5 Ne8 14.a4 g6 15.a5 Ng7 16.Na4 Qh4
17.Nd2 f5 18.f3 Nh5 19.Nc4 Qe7 20.Rc1 f4 21.Bf2 g5 22.Rc3 Nhf6 23.Qc2 h5
24.Nd2 b5 25.Rxc8 Rxc8 26.Qxc8 bxa4 27.Qxa6 g4 28.Nc4 Bc7 29.Qb7 Bb8 30.a6 Nxe4
31.fxe4 f3 32.Bd1 fxg2 33.Kxg2  1-0

[Event "Lugano op"]
[Site "Lugano"]
[Date "1988.??.??"]
[Round "?"]
[White "Psakhis, Lev"]
[Black "Cicak, Slavko"]
[Result "1-0"]
[WhiteElo "2550"]
[BlackElo "2290"]

1.e4 c5 2.Nf3 e6 3.d3 Nc6 4.g3 d5 5.Nbd2 dxe4 6.dxe4 b6 7.c3 Nf6 8.Qa4 Bd7
9.Qc2 Qc8 10.e5 Nd5 11.Bg2 Qa6 12.c4 Ncb4 13.Qe4 Bc6 14.a3 Rd8 15.Qb1 Nf4
16.axb4 Nxg2+ 17.Ke2 Qb7 18.b5 Rxd2+ 19.Nxd2 Nf4+ 20.gxf4 Bxh1 21.f3 g5 22.Qe4 Qb8
23.Qc6+ Kd8 24.Ra3  1-0

[Event "Lugano op"]
[Site "Lugano"]
[Date "1988.??.??"]
[Round "?"]
[White "Psakhis, Lev"]
[Black "Ernst, Thomas"]
[Result "1-0"]
[WhiteElo "2550"]
[BlackElo "2455"]

1.e4 c5 2.Nf3 d6 3.c3 Nf6 4.Be2 e5 5.O-O Be7 6.Bb5+ Bd7 7.Bxd7+ Qxd7 8.Re1 O-O
9.d4 cxd4 10.cxd4 exd4 11.Nxd4 d5 12.e5 Ne4 13.Nd2 Nxd2 14.Bxd2 Bc5 15.Nb3 Be7
16.Qh5 Nc6 17.Bc3 Rad8 18.Rad1 Qe6 19.Rd3 Rd7 20.f4 g6 21.Qh6 g5 22.fxg5 d4
23.Bd2 Rd5 24.Bf4 Rfd8 25.Nd2 Bb4 26.Re2 Bxd2 27.Rexd2 Nxe5 28.Qxe6 fxe6
29.Bxe5 Rxe5 30.Rxd4 Rdd5 31.h4 Kg7 32.Kh2 Kg6 33.Rxd5 exd5 34.g4 Re3 35.b3 b6
36.Rxd5 Re2+ 37.Kg3 Rxa2 38.h5+ Kg7 39.Rd7+ Kg8 40.h6 Rb2 41.Rg7+ Kh8 42.Rxa7 Rxb3+
43.Kh4 Kg8 44.Ra8+ Kf7 45.Rh8  1-0

[Event "Moscow-A"]
[Site "Moscow"]
[Date "1988.??.??"]
[Round "?"]
[White "Levitt, Jonathan"]
[Black "Psakhis, Lev"]
[Result "0-1"]
[WhiteElo "2485"]
[BlackElo "2560"]

1.d4 e6 2.c4 Nf6 3.Nc3 Bb4 4.e3 c5 5.Ne2 b6 6.a3 Ba5 7.Ng3 Bb7 8.Bd2 O-O
9.Bd3 cxd4 10.exd4 Bxc3 11.bxc3 d5 12.O-O dxc4 13.Bxc4 Nc6 14.Qe2 Na5 15.Ba2 Rc8
16.Rfc1 h6 17.Rab1 Qd7 18.c4 Nc6 19.d5 exd5 20.cxd5 Nd4 21.Qd3 Bxd5 22.Rxc8 Rxc8
23.Rb4 Nc6 24.Ne4 Nxb4 25.Nxf6+ gxf6 26.axb4 Be6 27.Qg3+ Kh8  0-1

[Event "Moscow-A"]
[Site "Moscow"]
[Date "1988.??.??"]
[Round "?"]
[White "Psakhis, Lev"]
[Black "Davies, Nigel R"]
[Result "1/2-1/2"]
[WhiteElo "2560"]
[BlackElo "2475"]

1.e4 d6 2.d4 g6 3.Nf3 Bg7 4.Be2 Nf6 5.Nc3 c5 6.dxc5 Qa5 7.Nd2 Qxc5 8.Nb3 Qc7
9.Be3 a6 10.a4 b6 11.f4 Bb7 12.Bf3 Nbd7 13.O-O O-O  1/2-1/2

[Event "Moscow-A"]
[Site "Moscow"]
[Date "1988.??.??"]
[Round "?"]
[White "Vyzmanavin, Alexey"]
[Black "Psakhis, Lev"]
[Result "1-0"]
[WhiteElo "2565"]
[BlackElo "2560"]

1.d4 e6 2.c4 Nf6 3.Nf3 c5 4.d5 d6 5.Nc3 exd5 6.cxd5 g6 7.e4 Bg7 8.h3 O-O
9.Bd3 Bd7 10.Bf4 Qc7 11.O-O c4 12.Bc2 Na6 13.Re1 Rfe8 14.Qd2 b5 15.a3 Nc5
16.e5 dxe5 17.Bxe5 Qb6 18.Qd4 Rac8 19.d6 Ne6 20.Qd2 Nc5 21.Qd4 Ne6 22.Qxb6 axb6
23.Rad1 Red8 24.Bh2 Nc5 25.Nd4 Ne8 26.Nd5 Rb8 27.Ne7+ Kf8 28.Nec6 Bxd4 29.Nxd4 Rbc8
30.Bf4 Nb7 31.Bg5 f6 32.Bh6+ Kg8 33.Be4 Nbxd6 34.Bd5+ Nf7 35.Re7 Nd6 36.Ne6 Bxe6
37.Bxe6 Rc6 38.Rxf7  1-0

[Event "URS Cup rapid"]
[Site "Tallinn"]
[Date "1988.??.??"]
[Round "2"]
[White "Malaniuk, Vladimir P"]
[Black "Psakhis, Lev"]
[Result "1-0"]
[WhiteElo "2515"]
[BlackElo "2550"]

1.d4 e6 2.e4 d5 3.exd5 exd5 4.Bd3 Bd6 5.Qf3 Nc6 6.c3 Nf6 7.h3 O-O 8.Ne2 Ne4
9.Bxe4 dxe4 10.Qxe4 Re8 11.Qf3 Qh4 12.Be3 Be6 13.Nd2 Rad8 14.O-O Bc8 15.Ng3 g6
16.Nge4 Be7 17.Qf4 f5 18.Qxh4 Bxh4 19.Bg5 Bxg5 20.Nxg5 h6 21.Ngf3 Kg7 22.Rfe1 g5
23.Rxe8 Rxe8 24.Re1 Rxe1+ 25.Nxe1 f4 26.Kf1 Bf5 27.Ke2 Ne7 28.Nd3 Ng6 29.Nc5 Bc8
30.c4 Kf6 31.Nf3 b6 32.Ne4+ Kf5 33.Kd3 Bb7 34.d5 Ne5+ 35.Nxe5 Kxe5 36.Nd2 c5
37.a3 Bc8 38.Nf3+ Kf6 39.Kc3 h5 40.b4 g4 41.hxg4 hxg4 42.Ne1 cxb4+ 43.axb4 Ke5
44.f3 gxf3 45.gxf3 a5 46.Nd3+ Kf5 47.bxa5 bxa5 48.c5 Ba6 49.c6  1-0

[Event "URS Cup rapid"]
[Site "Tallinn"]
[Date "1988.??.??"]
[Round "6"]
[White "Itkis, Boris"]
[Black "Psakhis, Lev"]
[Result "0-1"]
[WhiteElo "2295"]
[BlackElo "2550"]

1.d4 Nf6 2.Nf3 e6 3.c4 b6 4.g3 Ba6 5.b3 Bb4+ 6.Bd2 Be7 7.Bg2 O-O 8.Ne5 d5
9.cxd5 exd5 10.O-O Bb7 11.Nc3 Na6 12.Bc1 c5 13.Bb2 Re8 14.Rc1 Nc7 15.dxc5 bxc5
16.Na4 Ne6 17.Nd3 Nd7 18.Rc2 Rc8 19.Qa1 Qa5 20.Rfc1 Qa6 21.Ne5 Nxe5 22.Bxe5 d4
23.Bh3 d3 24.exd3 Ng5 25.Bxc8 Nf3+ 26.Kh1 Rxc8 27.Nxc5 Qh6 28.h4 Bxc5 29.Rxc5 Nxe5+
30.Kg1 Nf3+ 31.Kf1 Re8 32.Rc7 Qe6 33.Kg2 Nxh4+ 34.Kh2 Bg2  0-1

[Event "URS Cup rapid"]
[Site "Tallinn"]
[Date "1988.??.??"]
[Round "9"]
[White "Psakhis, Lev"]
[Black "Vaganian, Rafael A"]
[Result "1-0"]
[WhiteElo "2550"]
[BlackElo "2625"]

1.e4 e6 2.d4 d5 3.Nd2 c5 4.exd5 exd5 5.Ngf3 Nc6 6.Bb5 Bd6 7.dxc5 Bxc5 8.Nb3 Bd6
9.O-O Ne7 10.Re1 O-O 11.Bg5 Bg4 12.Bh4 Re8 13.Bg3 Bxg3 14.hxg3 Qb6 15.Bd3 a5
16.Bxh7+ Kf8 17.Bd3 a4 18.Nbd2 Qxb2 19.a3 Nf5 20.Nf1 Rxe1 21.Qxe1 Re8 22.Qb1 Qc3
23.N3h2 Nh6 24.Ne3 Be6 25.Qe1 Qc5 26.Qd2 d4 27.Nef1 Bf5 28.Nf3 Be4 29.Bxe4 Rxe4
30.Qd3 Re7 31.N1d2 b5 32.Rb1 Rb7 33.Ne4 Qd5 34.Nc3 Qd7 35.Nxb5 Ng4 36.Qc4 Kg8
37.Qc5  1-0

[Event "Tirnavia"]
[Site "Trnava"]
[Date "1988.??.??"]
[Round "?"]
[White "Lechtynsky, Jiri"]
[Black "Psakhis, Lev"]
[Result "1-0"]
[WhiteElo "2470"]
[BlackElo "2550"]

1.Nf3 f5 2.g3 Nf6 3.Bg2 g6 4.c4 Bg7 5.Nc3 O-O 6.d4 d6 7.O-O Qe8 8.b3 e5 9.dxe5 dxe5
10.e4 Nc6 11.Nd5 Rf7 12.Ng5 Rd7 13.exf5 gxf5 14.Bb2 Ng4 15.h3 Nh6 16.Qe2 Qg6
17.f4 Kh8 18.Kh2 Ng8 19.Rad1 Rb8 20.Rfe1 e4 21.g4 Bxb2 22.gxf5 Qg7 23.Ne6 Nd4
24.Rxd4 Bxd4 25.Nxg7 Rxg7 26.Qxe4 c5 27.Qe8 b6 28.f6 Bxf6 29.Nxf6 Bb7 30.Bxb7  1-0

[Event "Tirnavia"]
[Site "Trnava"]
[Date "1988.??.??"]
[Round "?"]
[White "Psakhis, Lev"]
[Black "Meduna, Eduard"]
[Result "1-0"]
[WhiteElo "2550"]
[BlackElo "2505"]

1.e4 c6 2.d4 d5 3.Nd2 dxe4 4.Nxe4 Nd7 5.Ng5 Ngf6 6.Bd3 e6 7.N1f3 Bd6 8.Qe2 h6
9.Ne4 Nxe4 10.Qxe4 c5 11.Bd2 Nf6 12.Bb5+ Bd7 13.Qxb7 Rb8 14.Bxd7+ Nxd7 15.Qa6 Rb6
16.Qa4 Rxb2 17.dxc5 Bxc5 18.Bc3 Rb7 19.Qg4 Bf8 20.O-O Qc7 21.Bd4 Nf6 22.Bxf6 gxf6
23.Rab1 f5 24.Qa4+ Qd7 25.Qa6 Rxb1 26.Rxb1 Bd6 27.Rb7 Bc7 28.g3 O-O 29.Qxa7 Rc8
30.Qa6 Qd8 31.Kg2 Ba5 32.Qa7 Ra8 33.Qc5 Rc8 34.Qb5 Bc3 35.a4 Qd6 36.a5 Ra8
37.Rb6 Qd8 38.a6 Bd4 39.Nxd4 Qxd4 40.Rb8+ Kg7 41.Rxa8 Qe4+ 42.Kg1  1-0

[Event "Tirnavia"]
[Site "Trnava"]
[Date "1988.??.??"]
[Round "?"]
[White "Psakhis, Lev"]
[Black "Ftacnik, Lubomir"]
[Result "1/2-1/2"]
[WhiteElo "2550"]
[BlackElo "2570"]

1.e4 c5 2.Nf3 d6 3.d4 cxd4 4.Nxd4 Nf6 5.Nc3 a6 6.Be2 e6 7.O-O Be7 8.f4 O-O
9.Bf3 Qc7 10.Be3 Nc6 11.Nxc6 bxc6 12.Na4 Bb7 13.c4 c5 14.Nc3 Rad8 15.Qc2 Nd7
16.Rad1 Bc6 17.Rd3 Qb7 18.Bf2 Rfe8 19.Rfd1 Nf8 20.Bg3 Bf6 21.e5 Bxf3 22.Rxf3 dxe5
23.fxe5 Rxd1+ 24.Nxd1 Be7 25.Nf2 Rd8 26.Rb3 Qc7 27.Rd3 Qa5 28.Qb1 Rxd3 29.Nxd3 Qd2
30.a3 Qe3+ 31.Kf1 Nd7 32.Qc2 a5 33.a4 h5 34.Qe2 Qd4 35.b3 Nb8 36.Bf2  1/2-1/2

[Event "Yerevan"]
[Site "Yerevan"]
[Date "1988.??.??"]
[Round "?"]
[White "Psakhis, Lev"]
[Black "Dokhoian, Yury"]
[Result "1/2-1/2"]
[WhiteElo "2550"]
[BlackElo "2515"]

1.e4 e6 2.d4 d5 3.Nd2 c5 4.exd5 Qxd5 5.Ngf3 cxd4 6.Bc4 Qd6 7.O-O Nf6 8.Nb3 Nc6
9.Nbxd4 Nxd4 10.Nxd4 Bd7 11.c3 Qc7 12.Qe2 O-O-O 13.a4  1/2-1/2

[Event "Yerevan"]
[Site "Yerevan"]
[Date "1988.??.??"]
[Round "?"]
[White "Psakhis, Lev"]
[Black "Pavlovic, Milos"]
[Result "1-0"]
[WhiteElo "2550"]
[BlackElo "2460"]

1.e4 e5 2.Nf3 Nc6 3.Bb5 a6 4.Ba4 Nf6 5.O-O Be7 6.Re1 b5 7.Bb3 O-O 8.h3 Bb7
9.d3 d6 10.c3 Na5 11.Bc2 c5 12.Nbd2 Re8 13.Nf1 h6 14.Ng3 Bf8 15.d4 cxd4 16.cxd4 exd4
17.Nxd4 Rc8 18.b3 d5 19.e5 Ne4 20.Nxe4 dxe4 21.Bxe4 Bb4 22.Qg4 Qxd4 23.Bxh6 g6
24.Rad1 Qb6 25.Bxb7 Bxe1 26.Bxc8 Qxf2+ 27.Kh2 Rxe5 28.Bxa6 Bc3 29.Qc8+ Kh7
30.Qxc3  1-0

[Event "Yerevan"]
[Site "Yerevan"]
[Date "1988.??.??"]
[Round "?"]
[White "Akopian, Vladimir"]
[Black "Psakhis, Lev"]
[Result "0-1"]
[WhiteElo "2460"]
[BlackElo "2550"]

1.e4 e6 2.d4 d5 3.Nd2 c5 4.exd5 exd5 5.Ngf3 Nc6 6.Bb5 Bd6 7.O-O cxd4 8.Nb3 Ne7
9.Qxd4 O-O 10.Qh4 Bf5 11.Nbd4 Be4 12.Be3 Qa5 13.a4 a6 14.Be2 Ng6 15.Qg4 Qc7
16.Kh1 Rfe8 17.Nxc6 bxc6 18.c3 a5 19.Nd4 Rab8 20.f3 Bd3 21.Bxd3 Rxe3 22.Bxg6 hxg6
23.Rf2 Bxh2 24.Nxc6 Rbe8 25.Nd4 R3e5 26.f4 Rh5 27.Qxh5 gxh5 28.Kxh2 Re4 29.Raf1 Qc4
30.Ra1 Qd3 31.Raf1 Qc4 32.Ra1 Re3 33.Kg1 Qd3 34.Raf1 h4 35.Rf3 Rxf3 36.Rxf3 Qb1+
37.Kh2 Qxb2 38.Nc6 Qb3 39.Ne7+ Kf8  0-1

[Event "Yerevan+"]
[Site "Yerevan"]
[Date "1988.??.??"]
[Round "?"]
[White "Psakhis, Lev"]
[Black "Dolmatov, Sergey"]
[Result "1/2-1/2"]
[WhiteElo "2550"]
[BlackElo "2565"]

1.Nf3 Nf6 2.d4 e6 3.c4 b6 4.g3 Bb7 5.Bg2 Be7 6.O-O O-O 7.Nc3 Ne4 8.Nxe4 Bxe4
9.Ne1 Bxg2 10.Nxg2 d6 11.Qa4 Qe8 12.Qxe8 Rxe8 13.Nf4 Nd7 14.Rd1  1/2-1/2

[Event "Paris-ch"]
[Site "Paris"]
[Date "1989.??.??"]
[Round "1"]
[White "Plachetka, Jan"]
[Black "Psakhis, Lev"]
[Result "1-0"]
[WhiteElo "2450"]
[BlackElo "2585"]

1.c4 e5 2.Nc3 Bb4 3.g3 Bxc3 4.bxc3 d6 5.Bg2 Ne7 6.d3 O-O 7.Nh3 Nbc6 8.O-O Bg4
9.f3 Bh5 10.e4 Qd7 11.g4 Bg6 12.Rb1 b6 13.f4 f6 14.f5 Bf7 15.g5 Kh8 16.Qe1 fxg5
17.Nxg5 Ng8 18.Qh4 Nf6 19.Rb2 Rae8 20.Bh3 Nd8 21.Rg2 Bg8 22.Kh1 Re7 23.Rfg1 Qe8
24.Bg4 c5 25.Bd1 a6 26.a4 b5 27.axb5 axb5 28.cxb5 Qxb5 29.c4 Qb8 30.Nf3 Nc6
31.Qh3 h6 32.Ba4 Nb4 33.Rxg7 Rxg7 34.Rxg7 Kxg7 35.Qxh6+ Kf7 36.Bg5 Bh7 37.Bxf6 Rg8
38.Ng5+ Rxg5 39.Bxg5  1-0

[Event "Paris-ch"]
[Site "Paris"]
[Date "1989.??.??"]
[Round "3"]
[White "Giffard, Nicolas"]
[Black "Psakhis, Lev"]
[Result "1/2-1/2"]
[WhiteElo "2345"]
[BlackElo "2585"]

1.Nf3 Nf6 2.d3 d5 3.c4 e6 4.g3 b6 5.Bg2 Bb7 6.O-O Be7 7.Qa4+ Qd7 8.Qxd7+ Nbxd7
9.cxd5 exd5 10.Nd4 O-O 11.Nc3 g6 12.Bh6 Rfd8 13.Rac1 c5 14.Ndb5 Nf8 15.Bxf8 Bxf8
16.a4 a6 17.Na3 Bc6 18.Nc4 Rab8 19.Ne5 Be8 20.Ra1 Bg7 21.Nf3 b5 22.axb5 axb5
23.Nd2 b4 24.Na4 Rdc8 25.Rfc1 Bh6 26.f4 Bf8 27.e4 c4 28.dxc4 dxe4 29.Nxe4 Nxe4
30.Bxe4 Bg7 31.Bd5 Rc7 32.Kf1 Ra7 33.Nc5 Rxa1 34.Rxa1 Bxb2 35.Rb1 Bd4 36.Nb3 Bc3
37.Rd1 Kf8 38.Kg2 Ba4 39.Rb1 Re8 40.Kf3 h5 41.h3 Kg7 42.g4 h4 43.Be4 Rc8
44.Bd5 Rc7 45.Ke4 Ra7 46.Kd3 Be8 47.Nd4 Kf6  1/2-1/2

[Event "Paris-ch"]
[Site "Paris"]
[Date "1989.??.??"]
[Round "4"]
[White "Psakhis, Lev"]
[Black "Andruet, Gilles"]
[Result "1/2-1/2"]
[WhiteElo "2585"]
[BlackElo "2420"]

1.e4 c6 2.d4 d5 3.Nd2 dxe4 4.Nxe4 Nd7 5.Nf3 Ngf6 6.Ned2 c5 7.Nc4 e6 8.dxc5 Bxc5
9.Nd6+ Ke7 10.Nxc8+ Rxc8 11.Bd3 Qc7 12.O-O Rhe8 13.Qe2 Kf8 14.Ng5 h6 15.Ne4 Nxe4
16.Bxe4 Nf6 17.Bd3 Kg8 18.Bd2 Qb6 19.Rab1 e5 20.Bf5 Rc7 21.c3  1/2-1/2

[Event "World op"]
[Site "Philadelphia"]
[Date "1989.??.??"]
[Round "4"]
[White "Zaltsman, Vitaly F"]
[Black "Psakhis, Lev"]
[Result "0-1"]
[WhiteElo "2420"]
[BlackElo "2585"]

1.Nf3 Nf6 2.c4 b6 3.d4 e6 4.g3 Ba6 5.Qa4 Bb7 6.Bg2 c5 7.dxc5 bxc5 8.O-O Be7
9.Nc3 O-O 10.Bf4 d6 11.Rad1 Qb6 12.Rd2 Rd8 13.Rfd1 h6 14.Qb3  0-1

[Event "Groningen op"]
[Site "Groningen"]
[Date "1990.??.??"]
[Round "1"]
[White "Rotstein, Arkadij"]
[Black "Psakhis, Lev"]
[Result "1/2-1/2"]
[WhiteElo "2365"]
[BlackElo "2575"]

1.c4 e5 2.g3 Nf6 3.Bg2 d5 4.cxd5 Nxd5 5.Nc3 Nb6 6.Nf3 Nc6 7.O-O Be7 8.a3 O-O
9.b4 Be6 10.Rb1 f6 11.d3 Nd4 12.Nd2 c6 13.Nde4 Rf7 14.e3 Nb5 15.Nxb5 cxb5
16.Bb2 Bd5 17.Bh3 Na4 18.Ba1 Bf8 19.Rc1 Qb6 20.Qc2 Re8 21.Rfd1 Be6 22.Bxe6 Qxe6
23.d4 exd4 24.Rxd4 Nb6 25.Qe2 a6 26.Nd2 Rc8 27.Rxc8 Qxc8 28.Qd1 Qe6 29.Qc2 Nd7  1/2-1/2

[Event "Novi Sad ol (Men)"]
[Site "Novi Sad"]
[Date "1990.??.??"]
[Round "3"]
[White "Psakhis, Lev"]
[Black "Spraggett, Kevin"]
[Result "1/2-1/2"]
[WhiteElo "2575"]
[BlackElo "2540"]

1.e4 g6 2.d4 Bg7 3.Nf3 d6 4.Be2 Nf6 5.Nc3 O-O 6.O-O c6 7.a4 Nbd7 8.a5 Qc7
9.Be3 Re8 10.Nd2 Rb8 11.f4 b5 12.axb6 axb6 13.e5 Nd5 14.Nxd5 cxd5 15.Bb5 Bb7
16.c3 Bc6 17.Bd3 e6 18.Nf3 f6 19.exf6  1/2-1/2

[Event "Novi Sad ol (Men)"]
[Site "Novi Sad"]
[Date "1990.??.??"]
[Round "5"]
[White "Psakhis, Lev"]
[Black "Gheorghiu, Florin"]
[Result "1/2-1/2"]
[WhiteElo "2575"]
[BlackElo "2500"]

1.d4 Nf6 2.c4 c5 3.d5 d6 4.Nc3 g6 5.g3 e6 6.Bg2 exd5 7.cxd5 Bg7 8.Nf3 O-O
9.O-O Na6 10.Nd2 Nc7 11.a4 b6 12.Rb1 Nd7 13.Qc2 Ba6 14.b4 cxb4 15.Rxb4 Nc5
16.Bb2 Qe7 17.Nf3 Bb7 18.Rd1 N7a6 19.Rc4 Nc7 20.Rb4 N7a6 21.Rh4 Rfe8 22.Nd4 Qf8
23.Nc6 Nc7 24.Rc4 Bc8 25.e4 Bg4 26.Ra1 Nd7 27.Nb5 Nxb5 28.axb5 Bxb2 29.Qxb2 Qg7
30.Qxg7+ Kxg7 31.f3  1/2-1/2

[Event "Paris-ch"]
[Site "Paris"]
[Date "1990.??.??"]
[Round "?"]
[White "Psakhis, Lev"]
[Black "Ruf, Matthias"]
[Result "1-0"]
[WhiteElo "2570"]
[BlackElo "2295"]

1.e4 e5 2.Nf3 Nc6 3.Bb5 a6 4.Bxc6 dxc6 5.Nc3 f6 6.d4 exd4 7.Nxd4 Ne7 8.Be3 c5
9.Qh5+ g6 10.Qxc5 Nf5 11.Qc4 Nxe3 12.fxe3 c6 13.O-O-O Qe7 14.Nxc6  1-0

[Event "Paris-ch"]
[Site "Paris"]
[Date "1990.??.??"]
[Round "?"]
[White "Psakhis, Lev"]
[Black "Foisor, Cristina Adela B"]
[Result "1-0"]
[WhiteElo "2570"]
[BlackElo "2295"]

1.c4 Nf6 2.Nc3 g6 3.e4 d6 4.d4 Bg7 5.f3 Nc6 6.Nge2 a6 7.Bg5 Rb8 8.d5 Ne5
9.Nd4 c5 10.Nc2 h6 11.Bd2 g5 12.a4 Nh5 13.Ne3 Nf4 14.Qc2 Bd7 15.Nf5 Bf6 16.a5 b6
17.axb6 Qxb6 18.Ra2 Qb3 19.Kd1 Bxf5 20.exf5 O-O 21.Qxb3 Rxb3 22.Kc2 Rfb8
23.Ne4 Ned3 24.Nxf6+ exf6 25.Bc3 Ne5 26.Rxa6 R3b6 27.Rxb6 Rxb6 28.g3 Nh5
29.Be2 Ng7 30.f4 Nd7 31.Bd3 Ra6 32.Rf1 Kf8 33.Bd2 Ra8 34.Kc3 Nb6 35.b3 Ra2
36.Bb1 Ra8 37.g4 Nd7 38.h4 gxf4 39.Bxf4 Ne5 40.Bxh6  1-0

[Event "Paris-ch"]
[Site "Paris"]
[Date "1990.??.??"]
[Round "?"]
[White "Foisor, Ovidiu"]
[Black "Psakhis, Lev"]
[Result "1/2-1/2"]
[WhiteElo "2455"]
[BlackElo "2570"]

1.d4 e6 2.c4 Bb4+ 3.Bd2 a5 4.Nf3 d6 5.g3 Nc6 6.d5 Nce7 7.dxe6 fxe6 8.Bg2 Nf6
9.O-O O-O 10.Nc3 e5 11.Rc1 h6 12.Na4 Qe8 13.a3 Bxd2 14.Nxd2 Qh5 15.e3 Bg4
16.f3 Bh3 17.Nc3 Bxg2 18.Kxg2 Nf5 19.Qc2 c6 20.Rce1 Qg6 21.Kh1 d5 22.cxd5 cxd5
23.e4 Nd4 24.Qd1 dxe4 25.Ndxe4 Nxe4 26.fxe4 Kh7 27.Kg2 b5 28.Qd3 b4 29.axb4 axb4
30.Nd5 b3 31.Rxf8 Rxf8 32.Rf1 Rd8 33.Qe3 Qg4 34.h3 Qe6 35.Nc3 Nc2 36.Qe2 Qb6
37.Kh2 Rd4 38.Rf7 Qd8 39.Nd5 Qg5 40.Rf2 Ra4 41.h4 Qg6 42.Nc3 Rd4 43.Qf3 Ne1
44.Qe2 Nd3 45.Rf5 Qe8 46.h5 Nc5 47.Rf2 Qd7 48.Qf3 Rd3 49.Qe2 Qe7 50.Rf5 Qe6
51.Kg2 Rd4 52.Rf2 Nd3 53.Rf1 Nc5 54.Rf2 Qd7 55.Kh2 Nd3 56.Rg2 Qe6 57.Nd5 Nc5
58.Nc3 Qc4 59.Qg4 Qe6 60.Qe2 Kg8 61.Rf2 Rd8 62.Kg2 Rd4 63.Qb5 Nd7 64.Nd5 Kh8
65.Qxb3 Rxe4 66.Rc2 Qg4 67.Ne3 Qxh5 68.Rc8+ Kh7 69.Qg8+ Kg6 70.Qe8+ Kg5 71.Qe7+ Kg6
72.Qe8+ Kg5 73.Qe7+ Kg6 74.Qe8+ Kg5  1/2-1/2

[Event "Tel Aviv"]
[Site "Tel Aviv"]
[Date "1990.??.??"]
[Round "?"]
[White "Kagan, Shimon"]
[Black "Psakhis, Lev"]
[Result "1/2-1/2"]
[WhiteElo "2390"]
[BlackElo "2575"]

1.e4 c5 2.Nf3 e6 3.d4 cxd4 4.Nxd4 Nf6 5.Nc3 d6 6.g3 Nc6 7.Bg2 Bd7 8.O-O Nxd4
9.Qxd4 Qc7 10.a4 a6 11.a5 Be7 12.Be3 O-O 13.Qb4 Bc6 14.Bb6 Qb8 15.Rfe1 Re8
16.Qc4 Nd7 17.Bd4 Ne5 18.Qe2 Qc7 19.Bb6 Qc8 20.f4 Nd7 21.Bf2 Qc7 22.Na4 Bb5  1/2-1/2

[Event "Tel Aviv"]
[Site "Tel Aviv"]
[Date "1990.??.??"]
[Round "?"]
[White "Lahav, Ehud"]
[Black "Psakhis, Lev"]
[Result "0-1"]
[WhiteElo "2380"]
[BlackElo "2575"]

1.d4 e6 2.Nf3 Nf6 3.e3 c5 4.Bd3 Nc6 5.O-O d5 6.b3 Bd6 7.Bb2 O-O 8.Nbd2 Qe7
9.c4 cxd4 10.exd4 b6 11.a3 Bb7 12.Re1 Rac8 13.Ne5 Rfd8 14.Qb1 Nb8 15.Re3 Nbd7
16.cxd5 Bxd5 17.Ndc4 Bb8 18.Qe1 Nf8 19.f4 Qb7 20.Qe2 b5 21.Nd2 a6 22.Rf1 Ba7
23.g4 Ne8 24.f5 exf5 25.gxf5 Nf6 26.Ng4 N8d7 27.Nxf6+ Nxf6 28.Re1 h6 29.Ne4 Nxe4
30.Bxe4 Qd7 31.Kh1 Re8 32.Qg2 Bxe4 33.Rxe4 Rxe4 34.Qxe4 Rd8 35.Kg2 Qd6 36.Kh3 Qf6
37.Rd1 Bb8 38.Bc3 Qd6 39.Rd2 Qxa3 40.f6 Qxb3 41.Rd3 Qd5 42.Qxd5 Rxd5 43.Re3 Ba7
44.Re8+ Kh7 45.Re7 Bxd4 46.Bxd4 Rxd4 47.Rxf7 Kg6 48.Ra7 Kxf6 49.Rxa6+ Kf5
50.Ra5 Rd3+ 51.Kg2 Rb3 52.Ra7 g5 53.h3 h5 54.Rf7+ Kg6 55.Re7 h4 56.Re5 b4
57.Rb5 Rg3+ 58.Kh2 b3  0-1

[Event "Tel Aviv"]
[Site "Tel Aviv"]
[Date "1990.??.??"]
[Round "?"]
[White "Murrey, Jacob"]
[Black "Psakhis, Lev"]
[Result "0-1"]
[WhiteElo "2530"]
[BlackElo "2575"]

1.c4 Nf6 2.Nc3 e5 3.Nf3 Nc6 4.g3 d5 5.cxd5 Nxd5 6.Bg2 Nb6 7.O-O Be7 8.d3 O-O
9.Bd2 Re8 10.Rc1 Bf8 11.Be3 Nd4 12.Ne4 Bg4 13.Bxd4 exd4 14.Qd2 c6 15.a3 a5
16.Rfe1 Bxf3 17.Bxf3 Nd7 18.Bg4 Ne5 19.Bh3 a4 20.Rc2 Ra5 21.Rec1 Qb6 22.Rd1 h5
23.Qc1 Ng4 24.Bxg4 hxg4 25.Qf4 Qd8 26.f3 f5 27.Nf2 Re3 28.h4 gxf3 29.exf3 Qd5
30.Nh3 Rxf3 31.Qc7 Qb3 32.Rcd2 Rc5 33.Kh2 Qf7 34.Qd8 Qe7 35.Qxe7 Bxe7 36.Ng1 Re3
37.Kg2 f4 38.gxf4 Rf5 39.Ne2 Bxh4 40.Rb1 c5 41.b4 cxb4 42.Rxb4 Be1  0-1

[Event "Tel Aviv"]
[Site "Tel Aviv"]
[Date "1990.??.??"]
[Round "?"]
[White "Psakhis, Lev"]
[Black "Bruk, Ofer"]
[Result "1/2-1/2"]
[WhiteElo "2575"]
[BlackElo "2435"]

1.e4 e6 2.d4 d5 3.Nd2 c5 4.exd5 exd5 5.Ngf3 Nf6 6.Bb5+ Bd7 7.Bxd7+ Nbxd7
8.O-O Be7 9.dxc5 Nxc5 10.Nb3 Nfe4 11.Qe2 O-O 12.Rd1 Re8 13.Be3 Na4 14.c3 Bf6
15.Rd3 Qc7 16.Rad1 Qc4 17.Qc2 Nxb2 18.Qxb2 Nxc3 19.Qd2 Nxd1 20.Qxd1 d4 21.Bxd4 Rad8
22.h3 Bxd4 23.Nfxd4 Rd5 24.Qf3 Qc7 25.Rd1 Qd7 26.Qc3 g6 27.Rc1 Rd8 28.Nf3 Rd1+
29.Rxd1 Qxd1+ 30.Kh2 Qd6+ 31.g3 Qd3 32.Qc7 Qd7 33.Qc3 Qd3 34.Qc7 Qd7 35.Qc1 Qd3
36.Kg2 Qe4 37.Nc5 Qd5 38.Qe3 Rd6 39.Nb3 b6 40.Nd4 Kg7 41.Qc3 Kg8 42.Qb2 Rd7
43.h4 Re7 44.Ne2 h5 45.Nf4 Qe4 46.Qd2 Re5 47.Qd1 Rb5 48.Qd6  1/2-1/2

[Event "Tel Aviv"]
[Site "Tel Aviv"]
[Date "1990.??.??"]
[Round "?"]
[White "Psakhis, Lev"]
[Black "Davies, Nigel R"]
[Result "1/2-1/2"]
[WhiteElo "2575"]
[BlackElo "2485"]

1.e4 c5 2.Nf3 g6 3.d4 Bg7 4.d5 Nf6 5.Nc3 O-O 6.a4 d6 7.Be2 e6 8.O-O exd5
9.exd5 Na6 10.Nd2 Nb4 11.Nc4 Re8 12.Bf3  1/2-1/2